Central Library OPAC University of Rajshahi
Normal view MARC view

Entry Personal Name

Number of records used in: 3

001 - CONTROL NUMBER

  • control field: 15378

003 - CONTROL NUMBER IDENTIFIER

  • control field: BD-RjUL

005 - DATE AND TIME OF LATEST TRANSACTION

  • control field: 20250504123623.0

008 - FIXED-LENGTH DATA ELEMENTS

  • fixed length control field: 250504|| aca||aabn | a|a d

040 ## - CATALOGING SOURCE

  • Original cataloging agency: BD-RjUL
  • Transcribing agency: BD-RjUL

100 ## - HEADING--PERSONAL NAME

  • Personal name: Wilkinson, Geoffrey,
  • Dates associated with a name: 1921-1996

670 ## - SOURCE DATA FOUND

  • Source citation: Work cat.: (BD-RjUL)55592: Cotton, F. Albert (Frank Albert), 1930-2007. 28143, Basic inorganic chemistry /, 1976 [Reprint 1978].